Marvel Cinematic Universe Villains - Statistics

General Stats
  • This quiz has been taken 123 times
  • The average score is 25 of 45
Answer Stats
Films Appeared In Answer % Correct
Thor, The Avengers, Thor: The Dark World, Thor: Ragnarok, Avengers: Infinity War, Avengers: Endgame Loki
98%
The Avengers, Guardians of the Galaxy, Avengers: Age of Ultron, Avengers: Infinity War Thanos
98%
Avengers: Age of Ultron Ultron
95%
Black Panther Erik Killmonger
90%
Thor: Ragnarok Hela
90%
Iron Man 2 Whiplash
85%
Captain America: The First Avenger, Avengers: Infinity War, Avengers: Endgame Red Skull
84%
Spider-Man: Far From Home Mysterio
82%
Spider-Man: Homecoming Vulture
82%
Guardians of the Galaxy Vol. 2 Ego
79%
Iron Man Iron Monger
79%
Doctor Strange Dormammu
77%
Captain America: The First Avenger, Captain America: The Winter Soldier, Ant-Man, Captain America: Civil War, Black Panther, Avengers: Infinity War, Avengers: Endgame Winter Soldier
77%
Guardians of the Galaxy, Captain Marvel Ronan the Accuser
75%
Ant-Man Yellowjacket
74%
Thor: The Dark World Malekith
70%
Captain America: Civil War Helmut Zemo
69%
The Incredible Hulk Abomination
67%
Ant-Man & The Wasp Ghost
66%
Iron Man 3 Aldrich Killian
62%
Doctor Strange Kaecilius
54%
Avengers: Infinity War, Avengers: Endgame Ebony Maw
52%
Captain America: The Winter Soldier, Captain America: Civil War, Avengers: Endgame Crossbones
51%
Thor: Ragnarok Grandmaster
51%
Iron Man 2 Justin Hammer
51%
Avengers: Age of Ultron, Black Panther Ulysses Klaue
51%
Avengers: Infinity War, Avengers: Endgame Proxima Midnight
48%
Spider-Man: Homecoming Shocker
48%
Captain Marvel Yon-Rogg
48%
Captain America: The Winter Soldier, Avengers: Endgame Alexander Pierce
44%
Avengers: Infinity War, Avengers: Endgame Cull Obsidian
44%
Thor Laufey
44%
Thor: Ragnarok Surtur
44%
Avengers: Infinity War, Avengers: Endgame Corvus Glaive
41%
Captain America: The First Avenger, Captain America: The Winter Soldier Arnim Zola
38%
Thor: The Dark World Kurse
38%
Guardians of the Galaxy Vol. 2 Ayesha
33%
Thor: Ragnarok Executioner
26%
Guardians of the Galaxy, Captain Marvel Korath the Pursuer
26%
Guardians of the Galaxy Vol. 2 Taserface
25%
Spider-Man: Homecoming Tinkerer
20%
Captain America: The Winter Soldier, Avengers: Age of Ultron Baron Strucker
18%
Captain Marvel Supreme Intelligence
18%
Captain America: The Winter Soldier Georges Batroc
16%
Thor: Ragnarok Fenris
10%
No matching quizzes found
Score Distribution
Percent of People with Each Score
Percentile by Number Answered
Your Score History
You have not taken this quiz